000 01129cam a22003377a 4500
003 CHAP
005 20220329134942.0
008 971013s1977 r 00010 d
010 _a28589
011 _a29561
035 _a33672
040 _cCHAP
082 _a634.94
_bK8
100 0 0 _aKomarek, E. V.
_963674
245 1 2 _aA quest for ecological understanding, the secretary's review
260 _aTallahassee, Fla. :
_bTall Timber Research Station,
_c1977
300 _a140 p.
_b: ilus.
490 0 _aMiscellaneous publication
_v; 5
590 _aBATCH-UPD
_b10
_c20130110
_lUCH01
_h1644
590 _aBATCH-UPD
_b10
_c20130410
_lUCH01
_h1034
590 _aBATCH-UPD
_b10
_c20130914
_lUCH01
_h0710
590 _aCONVERSION
_b10
_c20130109
_lUCH01
_h1316
650 1 4 _aBosques
_xSociedades.
_914388
650 1 4 _aEcologĂ­a forestal.
_935176
650 1 4 _aVida silvestre.
_9119155
830 0 _aMiscellaneous publication
_v; 5
_976163
901 _aBK
942 _cLIBRO
949 _a634.94 K8
_bBC
_cLIBRO
_d33724000248662
_eLIBRO
_h41613
_i33672
_si
949 _a634.94 K8
_bBC
_cLIBRO
_d33724000248670
_eLIBRO
_fc.2
_h48340
_i33672
_si
999 _c28589
_d28589